00732nam a22001817a 4500003000900000008004100009040007100050082002000121100003000141245005500171260003800226300003900264505018300303650002400486650001300510650001400523650001300537AR-CdUCM190227b ||||| |||| 00| 0 spa d aMUNICIPALIDAD PROVINCIAL DEL CUSCOcBIBLIOTECA MUNICIPAL DEL CUSCO a869.508 / bB37 aBéjar Rivera, Héctor  aLas guerrillas de 1965 : bbalance y perspectiva / aLima : bEdiciones Peisa, c1973. a183 páginas ; c16 cm.bCuadros. aGuerrilla en gérmen, ideas en gérmen -- La opción, hoy -- Bosquejo Económico -- El marco social -- Las causas políticas -- El E.L.N -- 1965 -- El frente de Ayacucho ... aGuerrillas - Perú aSiglo XX aComunismo aMemorias